Les 30 joueurs les + chers de Chelsea - Statistiques

Statistiques générales
  • Ce quiz a été pris 198 fois
    64 depuis la dernière actualisation
  • Le résultat moyen est 22 sur 30
Statistiques - réponses
# Saison Provenance Poste Valeur du transfert Pays Joueur % Correct
1 22/23 SL Benfica M 121 000 000 € Enzo Fernández
100%
2 23/24 Brighton & Hove Albion M 116 000 000 € Moisés Caicedo
98%
3 21/22 Inter A 113 000 000 € Romelu Lukaku
96%
4 20/21 Bayer 04 Leverkusen A 100 000 000 € Kai Havertz
90%
5 22/23 Leicester City FC D 80 400 000 € Wesley Fofana
88%
10 18/19 Borussia Dortmund A 64 000 000 € Christian Pulisic
87%
13 23/24 RB Leipzig A 60 000 000 € Christopher Nkunku
85%
9 22/23 Brighton & Hove Albion D 65 300 000 € Marc Cucurella
85%
7 22/23 FC Shakhtar Donetsk A 70 000 000 € Mykhaylo Mudryk
83%
15 10/11 Liverpool FC A 58 500 000 € Fernando Torres
79%
11 25/26 Brighton & Hove Albion A 63 700 000 € João Pedro
79%
19 20/21 RB Leipzig A 53 000 000 € Timo Werner
79%
16 18/19 SSC Napoli M 57 000 000 € Jorginho
77%
14 24/25 Wolverhampton Wanderers A 60 000 000 € Pedro Neto
75%
26 19/20 Real Madrid CF M 45 000 000 € Mateo Kovacic
73%
8 17/18 Real Madrid CF A 66 000 000 € Álvaro Morata
71%
20 24/25 Atlético de Madrid A 52 000 000 € João Félix
71%
30 22/23 SSC Napoli D 41 900 000 € Kalidou Koulibaly
71%
6 18/19 Athletic Club G 80 000 000 € Kepa Arrizabalaga
71%
17 22/23 Manchester City A 56 200 000 € Raheem Sterling
71%
24 25/26 Manchester United A 46 200 000 € Alejandro Garnacho
69%
25 25/26 SE Palmeiras M 45 000 000 € Estêvão
67%
29 06/07 AC Milan A 43 880 000 € Andriy Shevchenko
65%
23 23/24 Manchester City M 47 000 000 € Cole Palmer
63%
12 23/24 Southampton FC M 62 100 000 € Roméo Lavia
63%
27 23/24 AS Monaco D 45 000 000 € Axel Disasi
60%
18 25/26 Borussia Dortmund A 56 000 000 € Jamie Gittens
56%
22 20/21 Leicester City FC D 50 200 000 € Ben Chilwell
44%
21 26/27 Sporting CP A 50 780 000 € Geovany Quenda
44%
28 25/26 AFC Ajax D 44 180 000 € Jorrel Hato
44%
Aucun quiz correspondant
Distribution des résultats
% des personnes avec chaque résultat
Percentile par nombre de réponses
Votre historique - résultats
Vous n’avez pas pris ce quiz depuis la dernière actualisation